| 000 | 00330nam a22001337a 4500 | ||
|---|---|---|---|
| 003 | OSt | ||
| 005 | 20231127215257.0 | ||
| 008 | 231127b |||||||| |||| 00| 0 eng d | ||
| 040 | _cCO-JMCR | ||
| 082 |
_aC / _bMENa |
||
| 100 |
_aMendoza Luna, Miguel, _eautor _97612 |
||
| 245 | _aEl asesinato de Edagar Allan Poe / | ||
| 942 |
_2ddc _cBK |
||
| 999 |
_c30387 _d16771 |
||